Sister Agnes, or, The captive nun : a picture of convent life /

Bibliographic Details
Corporate Authors: Indiana University. Digital Library Program, Committee on Institutional Cooperation
Format: eBook
Language:English
Published: New York : Riker, Thorne, 1854.
Series:Wright American fiction, 1851-1875.
Online Access:http://purl.dlib.indiana.edu/iudl/wright2/wright2-2233

MARC

Tag First Indicator Second Indicator Subfields
LEADER 00000cam a22000007a 4500
001 in00001721921
005 20151024181143.0
006 m d
007 cr bn 001mabbp
008 760415s1854 nyua s 000 1 eng d
035 |a (InU)Wright2-2233 
040 |a InU  |c InU  |d UtOrBLW 
050 4 |a PS15 
245 0 0 |a Sister Agnes, or, The captive nun :  |b a picture of convent life /  |c by a clergyman's widow. 
264 1 |a New York :  |b Riker, Thorne,  |c 1854. 
300 |a 412 pages :  |b illustrations 
336 |a text  |b txt  |2 rdacontent 
337 |a computer  |b c  |2 rdamedia 
338 |a online resource  |b cr  |2 rdacarrier 
510 4 |a Wright, L. H. Amer. fiction, 1851-1875,  |c 2233. 
510 4 |a Amer. fiction, 1774-1910 (microfilm, 1970-1978 ed.),  |c v. 2 (1851-1875), reel S-15, no. 2233. 
530 |a Issued also in print and on microfilm. 
533 |a Electronic reproduction.  |b [Bloomington, Ind.] :  |c Indiana University Digital Library Program for the Committee on Institutional Cooperation,   |d [2001 or 2002.]  |f (Wright American fiction, 1851-1875).  |n Digitized image of the microfilm version produced in Woodbridge, CT by Research Publications (later called Primary Source Microfilm).  |n Mode of access: Internet. 
500 |a Electronic resource. 
710 2 |a Indiana University.  |b Digital Library Program. 
710 2 |a Committee on Institutional Cooperation. 
776 1 |c Microfilm  |w (OCoLC)02115242 
830 0 |a Wright American fiction, 1851-1875. 
856 4 0 |u http://purl.dlib.indiana.edu/iudl/wright2/wright2-2233  |t 0 
999 |a MARS 
999 f f |s bcdcb6b8-d793-33c0-9375-e9aaf711c244  |i 0c982e85-abc7-369a-8111-c0f4216d6841  |t 0 
952 f f |a Texas A&M University  |b College Station  |c Electronic Resources  |d Available Online  |t 0  |e PS15  |h Library of Congress classification 
998 f f |a PS15  |t 0  |l Available Online